| 000 | 00990cab a2200301 4500 | ||
|---|---|---|---|
| 001 | ABS54980 | ||
| 008 | 090401t1996 xxu||||| |||| 00| 0 eng d | ||
| 035 | _a(Sirsi) u13465 | ||
| 041 | _aeng | ||
| 100 | _aRaynsford, N. | ||
| 245 | _aResidential property investment | ||
| 260 | _c1996 | ||
| 350 | _a0 | ||
| 490 |
_aProperty Review _v6(3) April 1996, 66-69(4) |
||
| 520 | _aConsiders to what extent investors, Conservative government policy and legislation are meeting the housing needs of the present and future. Author sets out Labour Party`s approach to HITs and housing provision. | ||
| 650 | _aHOUSING BILL | ||
| 650 | _aHOUSING DEMAND | ||
| 650 | _aHOUSING INVESTMENT TRUSTS | ||
| 650 | _aHOUSING INVESTMENT | ||
| 650 | _aLABOUR PARTY POLICY | ||
| 650 | _aNEW HOUSING | ||
| 650 |
_aRESIDENTIAL PROPERTY _96266 |
||
| 650 | _aSOCIAL HOUSING | ||
| 690 | _aPROPERTY-PROPERTY FINANCE AND INVESTMENT | ||
| 690 | _aHOUSING-FINANCE | ||
| 942 | _n0 | ||
| 948 | _c04/03/1997 | ||
| 999 |
_c8680 _d8680 |
||